Famous Footballers By Childhood Photo - Statistics

General Stats
  • This quiz has been taken 87 times
    61 since last reset
  • The average score is 12 of 16
Answer Stats
Picture Answer % Correct
Neymar Jr
95%
Cristiano Ronaldo
91%
Kylian Mbappe
91%
Wayne Rooney
91%
Lionel Messi
88%
Ronaldinho
88%
Gareth Bale
86%
Heung Min Son
86%
David Beckham
77%
Harry Kane
73%
Sergio Ramos
73%
Steven Gerrard
68%
Paul Pogba
64%
Marcus Rashford
57%
Thomas Müller
57%
Eden Hazard
18%
No matching quizzes found
Score Distribution
Percent of People with Each Score
Percentile by Number Answered
Your Score History
You have not taken this quiz since the last reset